|
|
|
|
| LEADER |
00000nab a2200000uu 4500 |
| 001 |
vtls011151512 |
| 003 |
SK-MaSNL |
| 005 |
20260303191909.0 |
| 008 |
230131|2004 xo |||||||||||||||||cze| |
| 015 |
|
|
|a SNBRB
|
| 035 |
|
|
|a (urnnbn)urn:nbn:sk:snk:ar-a0a1xt
|
| 035 |
|
|
|a (uuid)63537f4f-c553-4313-be90-ad4bd3fe5728
|
| 035 |
|
|
|a urn:nbn:sk:snk-abb0x5
|
| 040 |
|
|
|a SNKBUCL
|b slo
|c SNKBUCL
|e AACR2
|
| 041 |
0 |
|
|a cze
|
| 044 |
|
|
|a xo
|c SK
|
| 100 |
1 |
|
|a Juránková, J.
|4 aut
|9 1134564
|
| 245 |
1 |
0 |
|a Faktory podílející se na vzniku varikózního krvácení při portální hypertenzi
|n I. část
|p Bakteriální infekce a porovnání účinnost intravenózního a perorálního podání antibiotik - randomizovaná studie
|c J. Juránková, J. Lata, L. Husová, M. Dastych, M. Šenkyřík, P. Dítě, V. Příbramská
|
| 700 |
1 |
|
|a Lata, J.
|4 aut
|9 1133672
|
| 700 |
1 |
|
|a Husová, L.
|4 aut
|9 1133530
|
| 700 |
1 |
|
|a Dastych, Milan,
|d 1948-
|4 aut
|9 205311
|
| 700 |
1 |
|
|a Šenkyřík, M.
|4 aut
|9 1133965
|
| 700 |
1 |
|
|a Dítě, P.
|4 aut
|9 1133492
|
| 700 |
1 |
|
|a Příbramská, V.
|4 aut
|9 1134692
|
| 773 |
0 |
|
|t Vnitřní lékařství : časopis Internistické sekce Československé lékařské společnosti J. E. Purkyně
|g Roč. 50, č. 11 (2004), s. 830-835
|
| 954 |
|
|
|a odborná, vedecká literatúra cudzojazyčná (svetová)
|2 lita
|
| 958 |
|
|
|a OND
|
| 958 |
|
|
|a EUIPO
|
| 958 |
|
|
|a article14
|
| 999 |
|
|
|c 2143513
|d 2145443
|